000 00530nam a2200193Ia 4500
003 OSt
005 20250609102221.0
008 210716s9999 xx 000 0 und d
040 _cAIMIT LIBRARY
041 _aeng
082 _a005.7402
_bSQLF
245 _aSql forms operators guide
250 _a1st ed.
300 _a26p.;
_bPB
_c24.5 cm.
650 _aLogical table structure
_9213103
650 _aElements of the sql language
_9213315
650 _aSQL statement reference
_9213316
942 _2ddc
_cBK
_e1
_k005.7402 SQLL
999 _c182228
_d182228